| 000 | 00753nam a2200241Ia 4500 | ||
|---|---|---|---|
| 005 | 20230410131752.0 | ||
| 008 | 131103s9999 xx 000 0 und d | ||
| 020 | _a0416 76240 9 | ||
| 040 | _aLoreto College | ||
| 041 | _aEnglish | ||
| 082 |
_a338.9 _bBAI |
||
| 100 | _aBairoch,Paul | ||
| 245 | 4 |
_aThe ecomonic development of the third world since 1900 _cPaul Bairoch;translated by Cynthia Postan |
|
| 260 |
_aLondon _bMethuen Co Ltd _c1975(1977 printing) |
||
| 300 |
_axii,260 p. _b ill.,tables |
||
| 504 | _aIncludes bibliographical references and index | ||
| 630 | _aEconomics - Planning and Development | ||
| 650 | _aEconomics | ||
| 651 | _aThird World - Economic Policy | ||
| 700 | _aPostan,Cynthia,tr | ||
| 850 | _aLCLIB | ||
| 942 | _cBK | ||
| 999 |
_c3032 _d53511 |
||